00529nam a2200169Ia 4500100003200000650001400032250000700046942000700053366000700060654001400067245002800081260004400109082001900153546001200172999001700184952015800201 aKotler/Philip/ Armstrong/G  aMarketing a12 cBK f20 amarketing aPrinciples of marketing bPrentice Hall of IndiaaNew Delhic2008 a658.8/KOTbKOT aENGLISH c19506d19506 001040708CRCaCRCEbCRCEd2023-03-17eProfessional Book House.g505.00i563 dt 25/03/2008l0o658.8/KOT KOTp18569r2023-03-17v525.00w0000-00-00yBK